Online Public Access Catalog -OPAC
Normal view MARC view

Entry Personal Name

Number of records used in: 1

001 - CONTROL NUMBER

  • control field: 7407

003 - CONTROL NUMBER IDENTIFIER

  • control field: OSt0

005 - DATE AND TIME OF LATEST TRANSACTION

  • control field: 20230912114555.0

008 - FIXED-LENGTH DATA ELEMENTS

  • fixed length control field: 230912|| aca||aabn | a|a 0

040 ## - CATALOGING SOURCE

  • Original cataloging agency: \a NG-ZaABU

050 ## - LIBRARY OF CONGRESS CALL NUMBER

  • Classification number: \a DT 1316.9. A44 Ado
  • Item number: \b 51344

100 ## - HEADING--PERSONAL NAME

  • Personal name: \a Ado, Emmanuel

Customized by ICT Technical Service Unit on 29th Dec 2022

Kashim Ibrahim Library